000 00519nam a2200205Ia 4500
003 OSt
005 20221109114005.0
008 210210b2002 xxu||||| |||| 00| 0 eng d
040 _cAL
082 _a150 VATG
100 _aVATSYAYAN
_961505
245 _aGeneral Psychology : Questions Answers
250 _a7 Rev
260 _aMeerut
_bKedar Nath Ram Nath
_c2002
300 _a270
650 _aGeneral Psychology Questions Answers
_961506
690 _aPsychology
_961507
906 _a057636
942 _2ddc
_cBK
999 _c105160
_d105160